00470nam a2200133 i 4500001000700000003000900007005001700016008004100033100003700074245005100111260002800162300003000190852011600220181996ES-MaACL20250730063154.0130522q18501899fr |||| | fre d1 aBernard, Charles de, d1812-188214a[Un acte de vertu / cpar Charles de Bernard]. a[S.l. : bs.n., c18-?] a[8] p. : bil. ; c30 cm. aES-MaACLjR-1709(14) q.- Ejemplar sin portada y solo las primeras 8 páginas encuadernado en un vol. facticio